| 000 | 00906nam a22002417a 4500 | ||
|---|---|---|---|
| 005 | 20240530110942.0 | ||
| 008 | 171108s2020 ua ah f b 000 0 ara d | ||
| 020 | _a9789933567460 | ||
| 040 |
_aEG-CaGPL _cEG-CaGPL |
||
| 082 | 0 | 4 |
_221 _a747.4 _bج م |
| 100 | 0 | _aخالد نواف كيوان | |
| 245 | 1 | 2 |
_aالمسكوكات العربية الاسلامية / _cخالد نواف كيوان |
| 250 | _aط.1 | ||
| 260 |
_aالقاهرة : _bار عقل للنشر والدراسات والترجمة، _c2020 . |
||
| 300 |
_a272 ص. : _bايض. ؛ _c24 سم. |
||
| 504 | _aيشتمل على ارجاعات ببليوجرافية | ||
| 650 | 0 | 7 |
_2qrmak _aالمسكوكات . |
| 650 | 0 | 7 |
_2qrmak _aالنقود |
| 650 | 0 | 7 |
_2qrmak _aالمسكوكات العربية |
| 650 | 0 | 7 |
_2qrmak _aالمسكوكات الاسلامية |
| 942 |
_2ddc _cBK |
||
| 999 |
_c66833 _d66833 |
||